000 00706nam a2200289Ia 4500
005 20260324125242.0
008 008 260324s9999 xx 000 0 eng d
020 _a9780203060667
037 _aEBOOK
040 _aCRL
040 _beng
040 _cCRL
041 _2eng
041 _aeng
084 _qCRL
100 _aSue Briggs; Sue Cunningham
_91177272
245 0 _aMaking the Most of Your Teaching Assistant
245 0 _bGood Practice in Primary Schools
260 _bTaylor and Francis
260 _c2009
365 _a
365 _b300
856 _uhttp://www.taylorfrancis.com/books/9780203060667
942 _cEBOOK
999 _c1772359
_d1772359